000 00781nam a2200301Ia 4500
003 OSt
005 20220912150106.0
006 a|||||r|||| 00| 0
007 ta
008 220909b |||||||| |||| 00| 0 eng d
020 _a0138497532 (pbk)
024 _a5127
037 _bLibco,
037 _cTextual
040 _aCSL
_beng
_cCSL
041 _aeng
082 _aD65,8(B)94Or, N8
100 _aLulushi Albert
245 0 _aInside Oracle designer/2000
260 _aNew Jersey
_b Prentice Hall PTR
_c1998
300 _axxxvi,949p
500 _aIndex 943-949p
650 _a Oracle
650 _a Program package
650 _aComputer Science
942 _hD65,8(B)94Or, N8
_cTEXL
_2CC
999 _c39419
_d39419